Pays francophones - Statistiques

Statistiques générales
  • Ce quiz a été pris 237 fois
  • Le résultat moyen est 14 sur 25
Statistiques - réponses
Réponse % Correct
France
98%
Belgique
93%
Suisse
91%
Canada
87%
République démocratique du Congo
76%
Luxembourg
75%
République du Congo
74%
Monaco
70%
Côte d'Ivoire
69%
Cameroun
62%
Bénin
56%
Guinée
55%
Madagascar
53%
Togo
53%
Gabon
49%
Haïti
47%
Tchad
44%
République centrafricaine
43%
Comores
38%
Guinée équatoriale
33%
Rwanda
33%
Djibouti
32%
Seychelles
30%
Burundi
28%
Vanuatu
18%
Aucun quiz correspondant
Distribution des résultats
% des personnes avec chaque résultat
Percentile par nombre de réponses
Votre historique - résultats
Vous n’avez pas pris ce quiz